| 000 | 00935cam a22002891 4500 | ||
|---|---|---|---|
| 001 | 7273587 | ||
| 003 | OSt | ||
| 005 | 20230626131337.0 | ||
| 008 | 780224s1906 enk 000 0 eng c | ||
| 010 | _aw 07000219 | ||
| 035 | _a(OCoLC)3665125 | ||
| 040 |
_aWashington, D.C. Public Library _cNNR _dNNR _dDLC |
||
| 050 | 0 | 0 |
_a _b |
| 082 |
_a331.6 _bOLI |
||
| 100 | 1 |
_aOlivier, Sydney Haldane Olivier, _cBaron, _d1859-1943. |
|
| 245 | 0 | 0 |
_aWhite capital and coloured labour; _cby Sydney Olivier. |
| 260 |
_aLondon, _bIndependent Labour Party, _c1906. |
||
| 300 |
_avi, 175 p. _c19 cm. |
||
| 490 | 0 | _aThe Socialist Library-IV [ed. by J. Ramsey MacDonald] | |
| 500 | _aOn cover: The Socialist Library. IV. | ||
| 500 | _aTitle in red and black. | ||
| 500 | _aSeries title also at head of t.-p. | ||
| 650 | 0 | _aBlack people. | |
| 650 | 0 | _aAfrican Americans. | |
| 906 |
_a7 _bcbc _coclcrpl _du _encip _f19 _gy-gencatlg |
||
| 942 |
_2ddc _cBK |
||
| 999 |
_c2716 _d2716 |
||